000 00326nam a22001457a 4500
008 230320b ||||| |||| 00| 0 eng d
020 _a9780816048816
041 _aeng
080 _a030
082 _a030SHO
100 _a40
101 _aENCIKLO
245 _aSEXUALLY TRANSMITTED DISEASES
_cSHOQUIST J
942 _2udc
_cBK
999 _c59401
_d59401